000 02007nas a22002537a 4500
999 _c40796
_d40796
005 20200515102251.0
007 cz aa aaaaaaaa
008 200425b b||poo||j| 00| 0 eng d
022 _a2454-3365
040 _cOCLC
082 _a420
_bJOU/E
210 _aTLH
245 _aThe Literary Herald
_bAn International Refereed English e-Journal
_he-Journal (Open Access)
260 _aChitrakoot, MP, INDIA
_bThe Literary Herald
300 _aPDF(online)
310 _aBi-Monthly
365 _eOpen Access
500 _aThe Literary Herald – an international, refereed / peer-reviewed, impact factor, low fee, fast-review, open-access e-journal of English language and literature, is published Bi-monthly (August, October, December, February, April, June). It publishes original, authentic, scholarly and unpublished research articles, essays, short stories, poetry, book reviews, translations, and interviews received from scholars/ faculty/ researchers/ writers and professors the world over through e-mail attachments on English language and literature. The journal is open to International English Literature, Post-colonial Literature, New Literature, English Language Teaching, Commonwealth Literature, Indian Writing in English, Applied Linguistics and TEFL, and Literatures written in English. The journal seeks to promote interpretative critical analysis and in-depth insights into established and new literatures, and thereby generate an academically serious and healthy debate in the literary circles. It also supports literary contributions in the form of original as well as translated poetry and fiction. Being international, it welcomes research articles/papers from outside India also; being refereed it follows a strict double-blind peer-revie
650 0 _aLanguage
_vEnglish & Old English
_xEnglish
_92316
651 0 _92254
_aIndia
655 0 _92257
_ae-Journal
856 _uhttps://www.tlhjournal.com/index.php
942 _2ddc
_cEJ
_h420
_k420
_mJOU/E
_s1